000 00572nam a2200193Ia 4500
003 OSt
005 20200908102630.0
008 190216s9999||||xx |||||||||||||| ||und||
020 _a9781259002298
040 _coclc
082 _a535
_bJEN/F
100 _aJenkins, Francis A
_94479
245 0 _aFundamentals Of Optics /
_cFrancis A Jenkins ; Harvey E White
250 _a4th Ed.
260 _bTata Mcgraw-Hill Education Private Limited,
_c2011.
_aNew Delhi:
300 _a746p
650 _aOptics
942 _cBK
_2ddc
_h535
_iJEN/F
_k535
_mJEN/F
999 _c34539
_d34539